Statistics for Famous people by their caricature

Click here to take the quiz!

General Stats

  • This quiz has been taken 1,024 times
  • The average score is 8 of 12

Answer Stats

Answer% Correct
Donald Trump
99%
Marilyn Monroe
90%
Elton John
89%
John Lennon
83%
Sylvester Stallone
77%
Charles III
71%
Amy Winehouse
66%
Zlatan Ibrahimović
53%
Elon Musk
49%
George Clooney
49%
Phil Collins
46%
Nicolas Sarkozy
17%

Score Distribution

Percentile by Number Answered

Percent of People with Each Score

Your Score History

You have not taken this quiz